000 00294nam a2200109Ia 4500
008 200302s9999 xx 000 0 und d
100 _aDiamant & Other
245 _aDistrict Heating and Cooling for Engergy Conservation
260 _bThe Architectural Press
260 _c1981
300 _a464 P.,
999 _c2065
_d2065